LDR 01510naa#a2200241#i#450# 001 EN\RIOR\bibl\125653 005 20260629130505.1 011 ## _a2409-6024 100 ## _a20260530b2026####ek#y0engy0150####ca 102 ## _aRU 200 1# _aINSTITUTIONAL FOUNDATIONS OF CARBON REGULATION _eJournal article 210 1# _aMoscow _cPublishing Center RIOR _d2026 215 ## _a24 с. 606 ## _aЭкономика и управление. 38.00.00 _aЭкономика. 38.03.01 _aМенеджмент. 38.04.02 _2local 608 ## _aJournal article _2local 675 ## _aЭкономическое положение. Экономическая политика. Управление и планирование в экономике. Производство. Услуги. Цены. 338 _z 686 ## _aСпециальные и отраслевые экономики. Экономика межотраслевых комплексов. 654 _2bbk 686 ## _aЭКОНОМИКА И ЭКОНОМИЧЕСКИЕ НАУКИ. 06.00 _2grnti 686 ## _aЭкономическое развитие и рост. Прогнозир-ние и планирование экономики. Экономич. циклы и кризисы. 06.52 _2grnti 686 ## _aЭкономические проблемы организации и управления хозяйством страны. 06.75 _2grnti 686 ## _aЭкономика отдельных стран. 06.91 _2grnti 700 #1 _aSushko _gOlga Petrovna 856 4# _ariorpub.com _u